<?xml version="1.0" encoding="UTF-8"?>
<record
    xmlns:xsi="http://www.w3.org/2001/XMLSchema-instance"
    xsi:schemaLocation="http://www.loc.gov/MARC21/slim http://www.loc.gov/standards/marcxml/schema/MARC21slim.xsd"
    xmlns="http://www.loc.gov/MARC21/slim">

  <leader>02576nam a22003737a 4500</leader>
  <datafield tag="999" ind1=" " ind2=" ">
    <subfield code="c">21828</subfield>
    <subfield code="d">21828</subfield>
  </datafield>
  <controlfield tag="003">AR-CdUCM</controlfield>
  <controlfield tag="008">190425b           ||||| |||| 00| 0 spa d</controlfield>
  <datafield tag="040" ind1=" " ind2=" ">
    <subfield code="a">MUNICIPALIDAD PROVINCIAL DEL CUSCO</subfield>
    <subfield code="c">BIBLIOTECA MUNICIPAL DEL CUSCO</subfield>
  </datafield>
  <datafield tag="082" ind1=" " ind2=" ">
    <subfield code="a">Rev.Andi/N&#xB0;1/1983</subfield>
  </datafield>
  <datafield tag="110" ind1=" " ind2=" ">
    <subfield code="a">Centro Bartolom&#xE9; de Las Casas</subfield>
    <subfield code="9">3293</subfield>
  </datafield>
  <datafield tag="245" ind1=" " ind2=" ">
    <subfield code="a">Revista andina /</subfield>
    <subfield code="c">Centro de estudios rurales andinos Bartolom&#xE9; de Las Casas Cusco</subfield>
  </datafield>
  <datafield tag="260" ind1=" " ind2=" ">
    <subfield code="a">Cusco :</subfield>
    <subfield code="b">Centro Bartolom&#xE9; de Las Casas,</subfield>
    <subfield code="c">1983.</subfield>
  </datafield>
  <datafield tag="300" ind1=" " ind2=" ">
    <subfield code="a">303 p&#xE1;ginas. :</subfield>
    <subfield code="c">23 cm.</subfield>
  </datafield>
  <datafield tag="440" ind1=" " ind2=" ">
    <subfield code="a">Publicaci&#xF3;n Semestral del Centro Bartolom&#xE9; de Las Casas Cusco.</subfield>
    <subfield code="n">Tomo I, N&#xFA;mero 1, Primer semestre 1983.</subfield>
    <subfield code="9">46292</subfield>
  </datafield>
  <datafield tag="505" ind1=" " ind2=" ">
    <subfield code="a">Contenido: Trajines. Un Cap&#xED;tulo en la formaci&#xF3;n del Mercado Interno Colonial. Miguel Glave. -- &#xBF;Problema de empleo o de reproducci&#xF3;n de la fuerza de Trabajo?, Las Comunidades Campesinas del Cusco. Efra&#xED;n Gonzales de Olarte. -- Guam&#xE1;n Poma, historiador del Per&#xFA; antiguo una nueva pista. Pierre Duviols. -- El papel de los capitanes de indios en la provincia de Pacajes en el entero de la Mita de Potos&#xED;. Roberto Choque Canqui. -- Cat&#xE1;logo general del archivo del Monasterio de Santa Catalina del Cusco, Per&#xFA;.J.B. Lassegue, F. Letona. -- Econom&#xED;a campesina gu&#xED;a para planificadores progresistas. David Lehmann. -- Migraciones en Bolivia bibliograf&#xED;a reciente. Gonzalo Flores. -- A prop&#xF3;sito del 25 aniversario de Lauricocha. Augusto Cardich. -- Pastoreo de llamas y alpacas en los andes balance bibliogr&#xE1;fico. Jorge A. Flores Ochoa. -- Sobre movimientos campesinos e historia regional en el Per&#xFA; moderno un comentario bibliogr&#xE1;fico. Jos&#xE9; Deustua. -- Geograf&#xED;a de los Andes centrales en los escritos de idioma ingles. Daniel W. Gade. -- Acerca de la narrativa oral al noroeste argentino. Mar&#xED;a Susana Cipolletti. -- La industria en el ande bibliograf&#xED;a. Francisco Durand.</subfield>
  </datafield>
  <datafield tag="650" ind1=" " ind2=" ">
    <subfield code="a">Mercados coloniales</subfield>
    <subfield code="9">46293</subfield>
  </datafield>
  <datafield tag="650" ind1=" " ind2=" ">
    <subfield code="a">Comunidades campesinas</subfield>
    <subfield code="9">2214</subfield>
  </datafield>
  <datafield tag="650" ind1=" " ind2=" ">
    <subfield code="a">Monasterio de Santa Catalina Cusco</subfield>
    <subfield code="9">46294</subfield>
  </datafield>
  <datafield tag="650" ind1=" " ind2=" ">
    <subfield code="a">Guam&#xE1;n Poma de Ayala</subfield>
    <subfield code="9">7450</subfield>
  </datafield>
  <datafield tag="650" ind1=" " ind2=" ">
    <subfield code="a">Migraci&#xF3;n</subfield>
    <subfield code="9">7472</subfield>
  </datafield>
  <datafield tag="650" ind1=" " ind2=" ">
    <subfield code="a">Econom&#xED;a campesina</subfield>
    <subfield code="9">2215</subfield>
  </datafield>
  <datafield tag="650" ind1=" " ind2=" ">
    <subfield code="a">Cultura andina</subfield>
    <subfield code="9">46295</subfield>
  </datafield>
  <datafield tag="650" ind1=" " ind2=" ">
    <subfield code="a">Narrativa oral</subfield>
    <subfield code="9">46296</subfield>
  </datafield>
  <datafield tag="700" ind1=" " ind2=" ">
    <subfield code="a">Glave Testino, Luis Miguel</subfield>
    <subfield code="9">1295</subfield>
  </datafield>
  <datafield tag="700" ind1=" " ind2=" ">
    <subfield code="a">Gonzales de Olarte, Efra&#xED;n</subfield>
    <subfield code="9">8594</subfield>
  </datafield>
  <datafield tag="700" ind1=" " ind2=" ">
    <subfield code="a">Duviols, Pierre</subfield>
    <subfield code="9">45039</subfield>
  </datafield>
  <datafield tag="700" ind1=" " ind2=" ">
    <subfield code="a">Choque Canqui, Roberto</subfield>
    <subfield code="9">46297</subfield>
  </datafield>
  <datafield tag="700" ind1=" " ind2=" ">
    <subfield code="a">Lehmann, David</subfield>
    <subfield code="9">46298</subfield>
  </datafield>
  <datafield tag="700" ind1=" " ind2=" ">
    <subfield code="a">Flores Ochoa, Jorge</subfield>
    <subfield code="9">2915</subfield>
  </datafield>
  <datafield tag="700" ind1=" " ind2=" ">
    <subfield code="a">Deustua, Jos&#xE9;</subfield>
    <subfield code="9">27015</subfield>
  </datafield>
  <datafield tag="700" ind1=" " ind2=" ">
    <subfield code="a">Cipolletti, Mar&#xED;a Susana</subfield>
    <subfield code="9">46299</subfield>
  </datafield>
  <datafield tag="942" ind1=" " ind2=" ">
    <subfield code="2">ddc</subfield>
    <subfield code="c">PP</subfield>
  </datafield>
  <datafield tag="945" ind1=" " ind2=" ">
    <subfield code="a">rac</subfield>
  </datafield>
  <datafield tag="952" ind1=" " ind2=" ">
    <subfield code="0">0</subfield>
    <subfield code="2">ddc</subfield>
    <subfield code="4">0</subfield>
    <subfield code="7">0</subfield>
    <subfield code="a">HEM</subfield>
    <subfield code="b">HEM</subfield>
    <subfield code="c">CART</subfield>
    <subfield code="d">2021-08-19</subfield>
    <subfield code="g">10.00</subfield>
    <subfield code="o">Rev.Andi/N&#xB0;1/1983</subfield>
    <subfield code="p">REVC000300</subfield>
    <subfield code="r">2021-08-19</subfield>
    <subfield code="y">PP</subfield>
  </datafield>
</record>
